[Event "Quebec-ch int"]
[Site "Montreal"]
[Date "2009.06.27"]
[Round "9"]
[White "Ye, Ling Feng"]
[Black "Hua, Lethyn"]
[Result "1/2-1/2"]
[WhiteElo "2179"]
[BlackElo "2283"]
[PlyCount "62"]
[EventDate "2009.06.19"]
[EventType "tourn"]
[EventRounds "9"]
[EventCountry "CAN"]
[EventCategory "7"]
[SourceTitle "CBM 130 Extra"]
[Source "ChessBase"]
[SourceDate "2009.07.02"]
[SourceVersion "2"]
[SourceVersionDate "2009.07.15"]
[SourceQuality "1"]

1. e4 c5 2. Nf3 d6 3. c3 Nf6 4. Be2 Nbd7 5. d3 c4 6. d4 Nxe4 7. Bxc4 e6 8. 0-0 Be7 9. Qe2 Nef6 10. Re1 a6 11. Ng5 Nb6 12. Bd3 h6 13. Ne4 Nbd5 14. Nxf6+ Nxf6 15. Nd2 Qc7 16. Ne4 Bd7 17. Nxf6+ Bxf6 18. Qf3 0-0-0 19. a4 Bc6 20. Qe2 Kb8 21. b4 Bd5 22. c4 Bxd4 23. Ra3 Rc8 24. Be3 Bxe3 25. cxd5 Bd4 26. dxe6 fxe6 27. Qxe6 Rhf8 28. Ra2 Rf6 29. Qe4 Qb6 30. Rf1 Rcf8 31. Qe1 d5 1/2-1/2

[Event "Quebec-ch int"]
[Site "Montreal"]
[Date "2009.06.25"]
[Round "7"]
[White "Sambuev, Bator"]
[Black "Hua, Lethyn"]
[Result "1-0"]
[WhiteElo "2498"]
[BlackElo "2283"]
[PlyCount "63"]
[EventDate "2009.06.19"]
[EventType "tourn"]
[EventRounds "9"]
[EventCountry "CAN"]
[EventCategory "7"]
[SourceTitle "CBM 130 Extra"]
[Source "ChessBase"]
[SourceDate "2009.07.02"]
[SourceVersion "2"]
[SourceVersionDate "2009.07.15"]
[SourceQuality "1"]

1. Nf3 c5 2. c4 Nc6 3. Nc3 g6 4. e3 Bg7 5. d4 cxd4 6. exd4 d6 7. h3 Nf6 8. d5 Nb8 9. Bd3 0-0 10. 0-0 Nbd7 11. Bg5 Re8 12. a3 a6 13. Rc1 Qa5 14. Bd2 Qc7 15. b4 b6 16. Re1 Bb7 17. Bf4 Rac8 18. Bh2 Qb8 19. Bf1 b5 20. cxb5 Nxd5 21. Nxd5 Rxc1 22. Nxe7+ Rxe7 23. Qxc1 Rxe1 24. Nxe1 axb5 25. Bxb5 Nf8 26. Bf1 Ne6 27. Qd2 Nd4 28. Nc2 Nxc2 29. Qxc2 Be5 30. Bxe5 dxe5 31. Qc5 Qe8 32. b5 1-0

[Event "Montreal Quebec op"]
[Site "Montreal"]
[Date "2007.07.23"]
[Round "4"]
[White "Hua, Lethyn"]
[Black "Nicula, Marius"]
[Result "1/2-1/2"]
[WhiteElo "2323"]
[BlackElo "2199"]
[PlyCount "33"]
[EventDate "2007.07.20"]
[EventType "swiss"]
[EventRounds "9"]
[EventCountry "CAN"]
[SourceTitle "CBM 119 Extra"]
[Source "ChessBase"]
[SourceDate "2007.09.04"]
[SourceVersion "1"]
[SourceVersionDate "2007.09.04"]
[SourceQuality "1"]

1. d4 d5 2. c4 c6 3. Nc3 Nf6 4. Nf3 g6 5. Bf4 dxc4 6. a4 Nd5 7. Be5 f6 8. Bxb8 Rxb8 9. e3 Nxc3 10. bxc3 Be6 11. Nd2 Qa5 12. Qc1 Qa6 13. Qa3 b5 14. axb5 Qxa3 15. Rxa3 cxb5 16. Rxa7 Bd5 17. e4 1/2-1/2

[Event "Montreal Quebec op"]
[Site "Montreal"]
[Date "2007.07.22"]
[Round "3"]
[White "Hua, Lethyn"]
[Black "Masse, Hugues"]
[Result "0-1"]
[WhiteElo "2323"]
[BlackElo "2181"]
[PlyCount "64"]
[EventDate "2007.07.20"]
[EventType "swiss"]
[EventRounds "9"]
[EventCountry "CAN"]
[SourceTitle "CBM 119 Extra"]
[Source "ChessBase"]
[SourceDate "2007.09.04"]
[SourceVersion "1"]
[SourceVersionDate "2007.09.04"]
[SourceQuality "1"]

1. c4 Nf6 2. Nf3 g6 3. b3 Bg7 4. Bb2 0-0 5. e3 d6 6. Be2 e5 7. d3 b6 8. 0-0 Bb7 9. Nbd2 Nbd7 10. b4 a5 11. a3 Qe7 12. Qc2 Ra7 13. Rfc1 axb4 14. axb4 Rfa8 15. Rxa7 Rxa7 16. c5 bxc5 17. bxc5 Nxc5 18. Nxe5 Nd5 19. d4 Na4 20. Ra1 dxe5 21. Rxa4 Nb4 22. Qb3 Rxa4 23. Qxa4 exd4 24. Ba3 c5 25. Bxb4 cxb4 26. Nf1 Bf6 27. Qa7 b3 28. Bd3 dxe3 29. Nxe3 Qb4 30. Qb8+ Kg7 31. Nf1 b2 32. Bb1 Qe1 0-1

[Event "Quebec-ch U18"]
[Site "Montreal"]
[Date "2003.??.??"]
[Round "2"]
[White "Hua, Lethyn"]
[Black "Ouellet Leveille, Clement"]
[Result "1/2-1/2"]
[WhiteElo "1703"]
[BlackElo "1859"]
[PlyCount "20"]
[EventDate "2003.05.??"]
[EventType "tourn"]
[EventRounds "4"]
[EventCountry "CAN"]
[SourceTitle "EXT 2006"]
[Source "ChessBase"]
[SourceDate "2005.11.24"]
[SourceVersion "1"]
[SourceVersionDate "2005.11.24"]
[SourceQuality "1"]

1. e4 e5 2. Nf3 Nf6 3. Nc3 Nc6 4. d4 exd4 5. Nxd4 Bb4 6. Nxc6 dxc6 7. Qxd8+ Kxd8 8. Bg5 h6 9. Bxf6+ gxf6 10. 0-0-0+ Ke7 1/2-1/2

[Event "Montreal op 04"]
[Site "Montreal"]
[Date "2002.04.26"]
[Round "1"]
[White "Hua, Lethyn"]
[Black "Caceres Cortes, Julio"]
[Result "1-0"]
[WhiteElo "1729"]
[BlackElo "2149"]
[PlyCount "125"]
[EventDate "2002.04.26"]
[EventType "swiss"]
[EventRounds "5"]
[EventCountry "CAN"]
[SourceTitle "EXT 2009"]
[Source "ChessBase"]
[SourceDate "2008.11.26"]
[SourceVersion "1"]
[SourceVersionDate "2008.11.26"]
[SourceQuality "1"]

1. e4 c5 2. c3 d6 3. d4 Nf6 4. Bd3 Nc6 5. Nf3 Bg4 6. dxc5 d5 7. exd5 Nxd5 8. Qe2 e6 9. Qe4 Nf6 10. Qe2 Bxc5 11. Bg5 Be7 12. Nbd2 0-0 13. 0-0 Qd5 14. Rfd1 Rfd8 15. Bxf6 Qxd3 16. Qxd3 Rxd3 17. Bxe7 Nxe7 18. Ne5 Bxd1 19. Nxd3 Be2 20. Nf4 Rd8 21. Ne4 Bb5 22. b3 Bc6 23. Ng3 e5 24. Nfe2 f5 25. f3 Rd2 26. Kf1 g6 27. Ke1 Rd8 28. Rd1 Rxd1+ 29. Kxd1 Nd5 30. Kd2 Kg7 31. c4 Nf6 32. Nc3 h5 33. b4 h4 34. Nge2 b6 35. h3 e4 36. Nd4 Bb7 37. c5 bxc5 38. bxc5 exf3 39. gxf3 f4 40. Nd1 Kf7 41. Nf2 Bd5 42. a4 Ke7 43. Nd3 g5 44. Nb4 Bc4 45. Nbc6+ Ke8 46. Nxa7 Nd5 47. Ne6 g4 48. fxg4 f3 49. Ke1 Nc3 50. Nd4 Bd5 51. Kf2 Nd1+ 52. Ke1 f2+ 53. Kf1 Bc4+ 54. Ne2 Kd7 55. Nb5 Kc6 56. Nbd4+ Kxc5 57. a5 Kb4 58. Nf3 Kxa5 59. Nxh4 Kb4 60. Nf3 Kc5 61. g5 Kd5 62. h4 Ke4 63. Nd2+ 1-0